Spatial scenarios in a global perspective Europe and the latin arc countries
Gespeichert in:
| Weitere Verfasser: | , |
|---|---|
| Format: | Buch |
| Sprache: | Englisch |
| Veröffentlicht: |
Cheltenham
Edward Elgar
2011
|
| Schriftenreihe: | New horizons in regional science
|
| Schlagworte: | |
| Tags: |
Keine Tags, Fügen Sie das erste Tag hinzu!
|
MARC
| LEADER | 00000nam a2200000 4500 | ||
|---|---|---|---|
| 001 | 0169934 | ||
| 005 | 20250225121701.2 | ||
| 020 | |a 978-0-857-93562-5 | ||
| 041 | 0 | |a eng | |
| 044 | |a GB | ||
| 245 | 1 | 0 | |a Spatial scenarios in a global perspective |b Europe and the latin arc countries |c edited by Roberto Camagni, Roberta Capello |
| 264 | 1 | |a Cheltenham |b Edward Elgar |c 2011 | |
| 300 | |a online [viii, 211 p.] | ||
| 490 | 1 | |a New horizons in regional science | |
| 830 | 0 | |a New horizons in regional science | |
| 500 | |a EBSCO e-books Economics Collection 2012 | ||
| 610 | 2 | 0 | |a predvídanie |
| 610 | 2 | 0 | |a kríza hospodárska |
| 610 | 2 | 0 | |a rozvoj hospodársky |
| 610 | 2 | 0 | |a rozvoj regionálny |
| 610 | 2 | 0 | |a Európa |
| 610 | 2 | 0 | |a Latinská Amerika |
| 700 | 1 | |a Camagni, Roberto | |
| 700 | 1 | |a Capello, Roberta | |